Theological dictionary of the Old Testament
Gorde:
| Egile Nagusiak: | , , |
|---|---|
| Formatua: | Liburua |
| Hizkuntza: | ingelesa hebreera |
| Argitaratua: |
William B. Eerdmans Publishing Company
2011
|
| Edizioa: | 1a. ed |
| Gaiak: | |
| Etiketak: |
Etiketa erantsi
Etiketarik gabe, Izan zaitez lehena erregistro honi etiketa jartzen!
|
MARC
| LEADER | 00000cam a2200000 a 4500 | ||
|---|---|---|---|
| 001 | UCE0752 | ||
| 003 | CL-VaPUC | ||
| 008 | 140307e20110000us |||||||||||||||||eng|d | ||
| 020 | |a 9780802823380o.c | ||
| 020 | |a 9780802867469v.1 | ||
| 020 | |a 9780802823262v.2 | ||
| 020 | |a 9780802823270v.3 | ||
| 020 | |a 9780802823281v.4 | ||
| 020 | |a 9780802823297v.5 | ||
| 020 | |a 9780802823304v.6 | ||
| 020 | |a 9780802871091v.7 | ||
| 020 | |a 9780802823328v.8 | ||
| 020 | |a 9780802823335v.9 | ||
| 020 | |a 9780802823343v.10 | ||
| 020 | |a 9780802823351v.11 | ||
| 020 | |a 9780802869418v.12 | ||
| 020 | |a 9780802823378v.13 | ||
| 020 | |a 9780802823459v.14 | ||
| 020 | |a 9780802823397v.15 | ||
| 041 | 0 | 7 | |a eng |2 CL-VaPUC |
| 041 | 0 | 7 | |a heb |2 CL-VaPUC |
| 082 | 0 | 4 | |a 221.3 |b BOT |2 21 |
| 100 | 0 | |a Botterweck, G. Johannes |e author |9 573109 | |
| 700 | 0 | |a Ringgren, Helmer |e author |9 573110 | |
| 700 | 0 | |a Fabry, Heinz-Josef |e author |9 573111 | |
| 245 | 1 | 0 | |a Theological dictionary of the Old Testament |
| 250 | |a 1a. ed | ||
| 300 | |a v | ||
| 942 | |c BK | ||
| 945 | |d 20140307 11:03:00 |a dcastane | ||
| 260 | |b William B. Eerdmans Publishing Company |c 2011 | ||
| 500 | |a v.1: abh-badhadh | ||
| 500 | |a v.2: bdl-galah | ||
| 500 | |a v.3: gillulim-haras | ||
| 500 | |a v.4: zeebeh-hms | ||
| 500 | |a v.5:hmr-YHWH | ||
| 500 | |a v.6: yobel-yatar I | ||
| 500 | |a v.7: ke-lys | ||
| 500 | |a v.8: lakad-mor | ||
| 500 | |a v.9: marad-naqa | ||
| 500 | |a v.10: naqam-azab | ||
| 500 | |a v.11: zz-panim | ||
| 500 | |a v.12: pasah-qum | ||
| 500 | |a v.13: qos-raqia | ||
| 500 | |a v.14: rasa-sakam | ||
| 500 | |a v.15: sakar-tarsis | ||
| 650 | 0 | |a Teología |9 258766 | |
| 650 | 0 | |a Biblia |9 257603 | |
| 650 | 0 | |a Antiguo testamento |9 313678 | |
| 650 | 0 | |a Diccionarios |9 256200 | |
| 583 | |a last modification |c 20140307 11:03:00 |k Rodrigo Vera | ||
| 999 | |c 354781 |d 354779 | ||
| 952 | |0 0 |1 0 |3 erb |4 0 |6 221_300000000000000_BOT_2011 |7 0 |8 X |9 460952 |a BIBTEO |b BIBTEO |h v.1 |i 5059666 |o 221.3 BOT 2011 |p 5059666 |r 2025-01-17 |w 2019-11-23 |y BK_X |z Catalogado en:20140307 |k ICR | ||
| 952 | |0 0 |1 0 |3 erd |4 0 |6 221_300000000000000_BOT_2011 |7 0 |8 X |9 460953 |a BIBTEO |b BIBTEO |h v.2 |i 5059674 |o 221.3 BOT 2011 |p 5059674 |r 2025-01-17 |w 2019-11-23 |y BK_X |z Catalogado en:20140307 |k ICR | ||
| 952 | |0 0 |1 0 |3 erd |4 0 |6 221_300000000000000_BOT_2011 |7 0 |8 X |9 460954 |a BIBTEO |b BIBTEO |h v.3 |i 5059682 |o 221.3 BOT 2011 |p 5059682 |r 2025-01-17 |w 2019-11-23 |y BK_X |z Catalogado en:20140307 |k ICR | ||
| 952 | |0 0 |1 0 |3 erd |4 0 |6 221_300000000000000_BOT_2011 |7 0 |8 X |9 460955 |a BIBTEO |b BIBTEO |h v.4 |i 5059690 |o 221.3 BOT 2011 |p 5059690 |r 2025-01-17 |w 2019-11-23 |y BK_X |z Catalogado en:20140307 |k ICR | ||
| 952 | |0 0 |1 0 |3 erd |4 0 |6 221_300000000000000_BOT_2011 |7 0 |8 X |9 460956 |a BIBTEO |b BIBTEO |h v.5 |i 5059704 |o 221.3 BOT 2011 |p 5059704 |r 2025-01-17 |w 2019-11-23 |y BK_X |z Catalogado en:20140307 |k ICR | ||
| 952 | |0 0 |1 0 |3 erd |4 0 |6 221_300000000000000_BOT_2011 |7 0 |8 X |9 460957 |a BIBTEO |b BIBTEO |h v.6 |i 5059712 |o 221.3 BOT 2011 |p 5059712 |r 2025-01-17 |w 2019-11-23 |y BK_X |z Catalogado en:20140307 |k ICR | ||
| 952 | |0 0 |1 0 |3 erb |4 0 |6 221_300000000000000_BOT_2011 |7 0 |8 X |9 460958 |a BIBTEO |b BIBTEO |h v.7 |i 5059720 |o 221.3 BOT 2011 |p 5059720 |r 2025-01-17 |w 2019-11-23 |y BK_X |z Catalogado en:20140307 |k ICR | ||
| 952 | |0 0 |1 0 |3 erd |4 0 |6 221_300000000000000_BOT_2011 |7 0 |8 X |9 460959 |a BIBTEO |b BIBTEO |h v.8 |i 5059739 |o 221.3 BOT 2011 |p 5059739 |r 2025-01-17 |w 2019-11-23 |y BK_X |z Catalogado en:20140307 |k ICR | ||
| 952 | |0 0 |1 0 |3 erd |4 0 |6 221_300000000000000_BOT_2011 |7 0 |8 X |9 460960 |a BIBTEO |b BIBTEO |h v.9 |i 5059747 |o 221.3 BOT 2011 |p 5059747 |r 2025-01-17 |w 2019-11-23 |y BK_X |z Catalogado en:20140307 |k ICR | ||
| 952 | |0 0 |1 0 |3 erd |4 0 |6 221_300000000000000_BOT_2011 |7 0 |8 X |9 460961 |a BIBTEO |b BIBTEO |h v.10 |i 5059755 |o 221.3 BOT 2011 |p 5059755 |r 2025-01-17 |w 2019-11-23 |y BK_X |z Catalogado en:20140307 |k ICR | ||
| 952 | |0 0 |1 0 |3 erd |4 0 |6 221_300000000000000_BOT_2011 |7 0 |8 X |9 460962 |a BIBTEO |b BIBTEO |h v.11 |i 5059763 |o 221.3 BOT 2011 |p 5059763 |r 2025-01-17 |w 2019-11-23 |y BK_X |z Catalogado en:20140307 |k ICR | ||
| 952 | |0 0 |1 0 |3 erb |4 0 |6 221_300000000000000_BOT_2011 |7 0 |8 X |9 460963 |a BIBTEO |b BIBTEO |h v.12 |i 5059771 |o 221.3 BOT 2011 |p 5059771 |r 2025-01-17 |w 2019-11-23 |y BK_X |z Catalogado en:20140307 |k ICR | ||
| 952 | |0 0 |1 0 |3 erd |4 0 |6 221_300000000000000_BOT_2011 |7 0 |8 X |9 460964 |a BIBTEO |b BIBTEO |h v.13 |i 505978K |o 221.3 BOT 2011 |p 505978K |r 2025-01-17 |w 2019-11-23 |y BK_X |z Catalogado en:20140307 |k ICR | ||
| 952 | |0 0 |1 0 |3 erd |4 0 |6 221_300000000000000_BOT_2011 |7 0 |8 X |9 460965 |a BIBTEO |b BIBTEO |h v.14 |i 5059798 |o 221.3 BOT 2011 |p 5059798 |r 2025-01-17 |w 2019-11-23 |y BK_X |z Catalogado en:20140307 |k ICR | ||
| 952 | |0 0 |1 0 |3 erd |4 0 |6 221_300000000000000_BOT_2011 |7 0 |8 X |9 460966 |a BIBTEO |b BIBTEO |h v.15 |i 5059801 |o 221.3 BOT 2011 |p 5059801 |r 2025-01-17 |w 2019-11-23 |y BK_X |z Catalogado en:20140307 |k ICR | ||